[Event "FE Carnevale GM Elite 2021"]
[Site "Bassano del Grappa"]
[Date "2021.02.14"]
[Round "4.4"]
[White "Martin Duque, Jesus"]
[Black "Brilej, Jaka"]
[Result "1-0"]
[WhiteElo "2438"]
[BlackElo "2268"]
[Annotator "TA"]
[PlyCount "79"]
[EventDate "2021.02.12"]
[EventType "tourn"]
[EventCountry "ITA"]
[SourceTitle "playchess.com"]
[Source "ChessBase"]
[SourceQuality "1"]

{[%evp 9,79,-14,14,12,17,12,15,14,26,13,45,36,57,41,77,83,91,88,93,88,119,106,126,108,110,100,99,81,99,15,23,15,46,37,38,41,41,38,45,0,45,42,64,20,55,51,62,37,49,37,35,0,0,0,0,0,0,0,0,0,0,-9,-6,-52,-8,-49,0,0,9,0,760,752]} 1. e4 c6 2. Nf3 d5 3. d3 dxe4 4. dxe4 Qxd1+ 5. Kxd1 Bg4 6. Be2 {B10: Caro-Kann: 2 d3 and 2 c4.} Nd7 7. Nfd2 Bxe2+ 8. Kxe2 {The position is equal.} Ngf6 9. f3 {[#]} e5 $146 ({Predecessor:} 9... Ne5 10. a4 g5 11. Na3 g4 12. f4 Ned7 13. e5 Nd5 14. Ne4 f5 15. exf6 exf6 {0-1 (50) Ryan,J (2293)-Turner,M (2521) Dublin 2020}) 10. a4 Bc5 11. c3 O-O-O 12. b4 Bd6 13. Nc4 Bc7 14. Be3 b6 15. Nbd2 Nf8 16. b5 Kb7 17. bxc6+ Kxc6 18. Rhb1 Ne6 19. Rb5 (19. a5 $16) 19... Nd7 $11 20. Nb3 f6 21. Rd1 Ndf8 22. Rb1 Nd7 23. Rd5 Ndf8 24. Rb5 Nd7 $1 25. g3 Rhe8 26. Rd5 Ndf8 27. Rbd1 Ng6 28. a5 Ne7 29. axb6 axb6 30. Bxb6 {[%cal Rb3a5] [#]} Nxd5 31. Nba5+ Kd7 32. exd5 Bxb6 33. Nxb6+ Kc7 34. Nbc4 {[#] Threatens to win with d6+.} Nc5 35. d6+ $1 Kd7 {aiming for ...Rb8.} 36. Nb6+ $1 Ke6 37. Nac4 (37. d7 $5 Re7 38. Nc6 Rdxd7 39. Nxd7 Rxd7 40. Nd8+ Ke7 41. Nc6+ Kf7 42. Rxd7+ Nxd7 43. f4 $11) 37... e4 38. f4 Nd3 39. Ra1 Rxd6 $2 {[%mdl 8192]} (39... Rb8 $11) 40. f5+ $1 {Weighted Error Value: White=0.12/Black=0.11} 1-0

[Event "FE Carnevale GM Elite 2021"]
[Site "Bassano del Grappa"]
[Date "2021.02.14"]
[Round "4.5"]
[White "Moroni, Luca Jr"]
[Black "Subelj, Jan"]
[Result "1/2-1/2"]
[WhiteElo "2573"]
[BlackElo "2418"]
[Annotator "TA"]
[PlyCount "118"]
[EventDate "2021.02.12"]
[EventType "tourn"]
[EventCountry "ITA"]
[SourceTitle "playchess.com"]
[Source "ChessBase"]
[SourceQuality "1"]

{[%evp 13,118,27,27,23,27,26,26,19,25,27,31,27,29,28,27,-121,-121,-121,-123,-125,-123,-121,-116,-108,-79,-89,-106,-123,-108,-111,-90,-267,-267,-337,-333,-325,-316,-335,-291,-323,-277,-357,-331,-332,-333,-363,-360,-346,-353,-404,-343,-483,-504,-490,-490,-450,-269,-254,-240,-233,-237,-241,-228,-225,-209,-216,-132,-132,-124,-137,-135,-222,-222,-231,-26,-26,-24,-24,-24,-24,-24,-24,-9,-9,-9,-9,-9,-9,-9,-9,-9,-9,-9,-9,-8,-8,-8,-9,-8,-8,0,0,0,0,0,0,0]} 1. c4 e6 2. Nc3 d5 3. d4 Be7 4. cxd5 exd5 5. Bf4 Nf6 6. e3 Bf5 7. Qb3 Nc6 8. g4 {D35: Queen's Gambit Declined: Exchange Variation.} Nxg4 9. Qxd5 Qxd5 {9...Qc8 is more fashionable.} 10. Nxd5 {White has an edge.} Bb4+ 11. Nxb4 Nxb4 12. Rc1 c6 13. a3 Nd5 14. Bg3 (14. Ne2 $11 {remains equal.}) 14... Ngxe3 $1 $17 15. fxe3 {And now Kf2 would win.} Be4 16. Nf3 Bxf3 17. Rg1 {[#]} Be4 $146 ({Predecessor:} 17... O-O 18. Kf2 Be4 19. Bc4 f6 20. h4 g6 21. Ke2 Kg7 22. Bxd5 Bxd5 23. Kd2 Rfe8 {0-1 (56) Davtyan,A (2418)-Arjun,K (2483) New Delhi 2019}) 18. Kd2 f6 19. b4 a6 {[%cal Ba7a6,Ba6a5][%mdl 32]} 20. Bc4 Kd7 21. h4 b5 22. Bf1 (22. Bxd5 $17 Bxd5 23. Ra1) 22... a5 $19 23. Bh3+ f5 24. Be5 Rhg8 25. Ra1 g6 ({Don't take} 25... axb4 26. axb4 Nxb4 27. Rxg7+ Ke6 28. Rga7) 26. bxa5 Rxa5 27. Bf1 Rga8 28. h5 f4 ({Don't do} 28... Rxa3 29. Rxa3 Rxa3 30. hxg6 $19) ({Less strong is} 28... gxh5 29. Rg7+ Ke6 30. Rxh7 $17) 29. Bxf4 Rxa3 30. Rxa3 Rxa3 31. hxg6 hxg6 32. Bh6 (32. Bh3+ $142 Ke8 33. Rg5 Ra2+ 34. Ke1) 32... Ra2+ 33. Ke1 b4 {White must now prevent ...b3.} 34. Bc4 Ra1+ (34... Rc2 $142 35. Bb3 Rb2) 35. Kf2 Rxg1 36. Kxg1 {[%mdl 4096] Endgame KBB-KBN} Bc2 37. e4 Bxe4 38. Bd2 {White hopes to continue with Bxd5.} Nc3 39. Kf2 c5 40. dxc5 Kc6 41. Bf7 Kxc5 42. Bh6 {[#]} (42. Ke1 $17) 42... Nd5 $1 43. Bg7 {[#]} b3 $2 (43... Kc4 $1 $19 {aiming for ...Kd3.} 44. Ke2 Kb3) 44. Kg3 $1 $11 Kd6 45. Kh4 Ke7 46. Bg8 Ne3 47. Kg5 Bd5 48. Bxd5 {The position is equal.} Nxd5 49. Kxg6 {KB-KN} Kd6 50. Kf5 Kc5 51. Ke4 Kc4 {( -> ...Nc3+)} 52. Ba1 Nb4 53. Bg7 Nc2 54. Bb2 Ne1 55. Ke3 Nd3 56. Bg7 Kb4 57. Kxd3 Ka3 58. Ke4 b2 59. Bxb2+ Kxb2 {And White is the lucky defender.  Weighted Error Value: White=0.21/Black=0.12} 1/2-1/2

[Event "FE Carnevale GM Elite 2021"]
[Site "Bassano del Grappa"]
[Date "2021.02.14"]
[Round "5.1"]
[White "Subelj, Jan"]
[Black "Suarez Uriel, Adrian"]
[Result "1-0"]
[WhiteElo "2418"]
[BlackElo "2360"]
[Annotator "TA"]
[PlyCount "66"]
[EventDate "2021.02.12"]
[EventType "tourn"]
[EventCountry "ITA"]
[SourceTitle "playchess.com"]
[Source "ChessBase"]
[SourceQuality "1"]

{[%evp 11,66,4,31,-14,0,-12,24,20,54,-27,58,38,104,111,177,170,179,159,176,167,165,103,147,139,177,160,151,115,209,202,235,236,251,252,346,371,365,339,314,335,514,481,448,484,572,595,593,595,812,684,1970,1729,29988,29989,29994,1801,29998]} 1. e4 c5 2. Nf3 e6 3. c3 d5 4. e5 d4 5. Bd3 Nc6 6. O-O Nge7 7. Qe2 {B40: Sicilian: 2...e6, Unusual lines.} Ng6 8. g3 Qc7 {[%cal Rg6e5]} 9. Re1 {White has an edge.} Bd7 10. h4 (10. b3 $14) 10... Be7 (10... f6 $11) 11. h5 Nf8 ({Better is} 11... c4 $1 $14 12. hxg6 cxd3 13. gxf7+ Kxf7 14. Qxd3 Rhf8) 12. Na3 $16 {[%cal Bb1a3,Ba3b5,Bb5d6][%mdl 32] [#]} f5 $146 (12... a6 $16) ({Predecessor:} 12... a6 13. Nc2 O-O-O 14. cxd4 cxd4 15. Ncxd4 Nxd4 16. Nxd4 Be8 17. Nf3 f5 18. exf6 gxf6 {1-0 (41) Ponkratov,P (2579)-Nukin,A (2343) Voronezh 2009}) 13. Nb5 $18 Qb6 14. Nd6+ Bxd6 15. exd6 O-O-O 16. Ne5 (16. a4 $18) 16... Nxe5 $16 17. Qxe5 Rg8 18. b4 cxb4 19. c4 ({Inferior is} 19. Qxd4 Qxd4 20. cxd4 Bc6 $11) 19... Be8 (19... g6 $16) 20. c5 $18 Qc6 21. Bb2 Bxh5 22. Qxd4 Bf3 23. Qxb4 {[#] Threatens to win with Bb5.} a6 24. a4 {Strongly threatening Bb5!} Bh1 {[%csl Gh1][%cal Rc6g2]} 25. Bf1 g5 (25... Nd7 $142 26. Rxe6 h5) 26. d4 Kb8 27. d5 Qxd5 28. c6 Qxc6 29. Rac1 Qf3 {Black hopes to continue with ...Nd7.} 30. Bf6 Rd7 31. Qb6 {Threatening mate with Bd4.} e5 32. Rxe5 Ng6 {[#]} 33. Re3 (33. Re8+ $142 $3 {[%mdl 512]} Rxe8 34. Bd4 Qg2+ 35. Bxg2 Re1+ 36. Rxe1 Bxg2 37. Re8+ Rd8 38. Rxd8#) 33... Nf8 {Weighted Error Value: White=0.18/Black=0.62} 1-0

[Event "FE Carnevale GM Elite 2021"]
[Site "Bassano del Grappa"]
[Date "2021.02.14"]
[Round "5.2"]
[White "Brilej, Jaka"]
[Black "Moroni, Luca Jr"]
[Result "0-1"]
[WhiteElo "2268"]
[BlackElo "2573"]
[Annotator "TA"]
[PlyCount "33"]
[EventDate "2021.02.12"]
[EventType "tourn"]
[EventCountry "ITA"]
[SourceTitle "playchess.com"]
[Source "ChessBase"]
[SourceQuality "1"]

{[%evp 12,14,71,67,74]} 1. e4 g6 2. d4 Bg7 3. Nc3 d6 4. Be3 Nf6 5. f3 O-O 6. Qd2 e5 7. Nge2 exd4 {[%mdl 32768] [#] Loss on time!? C41: Philidor Defence.} {Predecessor:} 8. Nxd4 $146 d5 9. e5 Nfd7 10. e6 Ne5 11. exf7+ Nxf7 12. Nb3 c6 13. O-O-O Nd7 14. Kb1 b5 15. Bd4 Nfe5 16. f4 Bh6 17. g3 {0-1 (28) Korneev,O (2594)-Chatalbashev,B (2550) Koge 2015} 0-1

[Event "FE Carnevale GM Elite 2021"]
[Site "Bassano del Grappa"]
[Date "2021.02.14"]
[Round "5.3"]
[White "Kuhn, Clement"]
[Black "Martin Duque, Jesus"]
[Result "0-1"]
[WhiteElo "2240"]
[BlackElo "2438"]
[Annotator "TA"]
[PlyCount "152"]
[EventDate "2021.02.12"]
[EventType "tourn"]
[EventCountry "ITA"]
[SourceTitle "playchess.com"]
[Source "ChessBase"]
[SourceQuality "1"]

{[%evp 9,152,39,45,40,54,32,29,18,40,20,30,24,28,32,28,0,0,-8,57,43,39,16,29,-1,0,0,-3,-37,-23,-14,-26,-129,-71,-154,-155,-165,0,-50,18,15,12,21,24,27,56,57,63,56,68,59,52,44,41,37,99,100,105,85,93,0,0,0,0,0,0,-37,-34,-30,-20,-26,-31,-52,-39,-462,-456,-438,-418,-807,-793,-835,-854,-755,-516,-504,-467,-560,-556,-658,-645,-638,-575,-652,-608,-585,-527,-672,-662,-666,-770,-691,-702,-859,-833,-779,-725,-869,-840,-837,-771,-843,-809,-742,-911,-975,-954,-811,-937,-938,-934,-1005,-1006,-1123,-1131,-1072,-1087,-1068,-1016,-2058,-1887,-7124,-7533,-6520,-6552,-7120,-6544,-29980,-29981,-29981,-29982,-29984,-29984,-29989,-29990,-29992,-29990]} 1. e4 c5 2. Nf3 Nc6 3. Bb5 e5 4. O-O Bd6 5. c3 a6 6. Ba4 {B30: Sicilian: 2...Nc6 3 Bb5, lines without ...g6.} b5 7. Bc2 Nge7 8. a4 {axb5 is the strong threat.White has an edge.} b4 {[#]} 9. d3 $146 ({Predecessor:} 9. d4 cxd4 10. cxd4 exd4 11. Nxd4 Nxd4 12. Qxd4 Qc7 13. h3 a5 14. Bb3 Be5 15. Qc4 Qxc4 16. Bxc4 {1-0 (44) Saydaliev,S (2384)-Nigmatov,O (2447) Tashkent 2020}) 9... Ng6 10. Be3 O-O 11. Nbd2 Be7 12. Nc4 d6 13. d4 Qc7 (13... bxc3 $11 14. bxc3 exd4 15. cxd4 Bg4) 14. dxc5 dxc5 15. Qe2 a5 16. Bb3 Rb8 {aiming for ...bxc3.} 17. Qc2 Kh8 18. Ncd2 f5 $1 {[%cal Rf5f4]} 19. Bg5 fxe4 20. Qxe4 (20. Bxe7 $11 {remains equal.} Ncxe7 21. Ng5) 20... Bf5 (20... bxc3 $142 21. Bxe7 Rf4) 21. Qc4 (21. Qe3 $142) 21... bxc3 $17 22. bxc3 Bd6 (22... e4 $1 $19 {[%cal Re4f3]} 23. Bxe7 Ncxe7) 23. Ba2 e4 (23... h6 $15 24. Be3 Nd4) 24. Nxe4 $11 Nce5 25. Nxe5 Bxe5 26. Ng3 (26. Nxc5 Bxh2+ 27. Kh1 Bf4 $17) 26... Bd7 27. Bb1 Bf4 28. Bxg6 {And now Bxf4 would win.} Bxg5 29. Be4 Bf4 30. Rab1 Qe5 31. Bd5 Qd6 (31... Rxb1 $14 32. Rxb1 Bf5) 32. Rxb8 $16 Rxb8 33. Rd1 Qe5 34. Bf3 ({Of course not} 34. Qxc5 $6 Bxa4 35. Rf1 Bc2 $11) ({White should play} 34. h3 $16) 34... Be6 $11 35. Qe4 Bb3 36. Rb1 c4 37. Ne2 Bxh2+ 38. Kf1 {Threatens to win with g3.} Qxe4 $1 ({Don't go for} 38... Bxa4 $2 39. Rxb8+ Qxb8 40. g3 $18) 39. Bxe4 {Strongly threatening g3.} Be5 40. Bc6 Rb6 41. Bb5 {[%mdl 8192] [#] Loses the game.} (41. Be4 $15) 41... Bxa4 $1 $19 {[%mdl 576] Pin} 42. f4 Bf6 ({Inferior is} 42... Bxb5 43. fxe5 Rb7 44. Nd4 $14) (42... Rxb5 $2 43. Ra1 $19) 43. g4 (43. Bxa4 $142 Rxb1+ 44. Kf2) 43... Rxb5 44. Ra1 Bb3 45. g5 Bxg5 46. Nd4 Rd5 47. Re1 {[%cal Re1e8] [#]} h5 $1 48. Re8+ (48. fxg5 Rxg5) 48... Kh7 49. fxg5 Rxg5 {[%mdl 4096] Endgame KRB-KRN} 50. Ne6 Rf5+ 51. Kg2 g6 52. Kg3 a4 53. Re7+ Kh6 54. Re8 g5 55. Ra8 Re5 56. Ra6 Kh7 57. Nf8+ Kg7 58. Ne6+ Kf7 59. Nd8+ Ke8 60. Ne6 Kd7 61. Nd4 Re3+ 62. Kf2 Rxc3 63. Ra7+ Kc8 64. Nc6 Rd3 65. Ne7+ Kd8 66. Nc6+ Ke8 67. Ra8+ Kf7 68. Ne5+ Kf6 69. Nxd3 cxd3 {KR-KB} 70. Ke3 Bc2 71. Ra5 h4 72. Rd5 h3 {Black mates.} 73. Rd6+ Kf5 74. Rh6 Kg4 75. Kf2 d2 76. Rf6 d1=R {Weighted Error Value: White=0.51/Black=0.20} 0-1

[Event "FE Carnevale GM Elite 2021"]
[Site "Bassano del Grappa"]
[Date "2021.02.14"]
[Round "5.4"]
[White "Bernadskiy, Vitaliy"]
[Black "Dardha, Daniel"]
[Result "0-1"]
[WhiteElo "2600"]
[BlackElo "2503"]
[Annotator "TA"]
[PlyCount "74"]
[EventDate "2021.02.12"]
[EventType "tourn"]
[EventCountry "ITA"]
[SourceTitle "playchess.com"]
[Source "ChessBase"]
[SourceQuality "1"]

{[%evp 9,74,0,0,-31,-25,-22,-35,-34,-24,-37,-29,-38,0,0,45,36,32,26,46,41,65,71,74,0,0,0,0,0,10,-13,-8,-10,-10,-35,-11,-109,-18,-222,-220,-218,-223,-217,-229,-217,-233,-233,-137,-79,-62,-223,-230,-267,-255,-267,-267,-267,-267,-775,-774,-804,-231,-790,-760,-1191,-1175,-1090,-1030]} 1. d4 Nf6 2. Nf3 e6 3. c4 d5 4. Bg5 Bb4+ 5. Nbd2 dxc4 6. Qc2 {D30: Queen's Gambit Declined: Systems without Nc3.} b5 7. a4 c6 8. g3 {Black is slightly better.} Bb7 9. Bg2 Nbd7 10. O-O h6 11. Bxf6 gxf6 {[#]} 12. b3 $146 ({Predecessor:} 12. Nh4 a6 13. Rfd1 O-O 14. Nf1 f5 15. e4 fxe4 16. Qxe4 Nf6 17. Qf4 Kg7 18. Ne3 {1-0 (34) Khruschiov,A (2499)-Barsov,A (2513) Dresden 2008}) 12... cxb3 13. Nxb3 a5 {[%cal Ba7a5,Ba5b4,Bb4c3,Bc3c2][%mdl 32]} 14. Ne1 bxa4 15. Rxa4 Nb6 16. Rxb4 axb4 $11 17. Nc5 Qxd4 18. Nxb7 Qc3 19. Bxc6+ Ke7 {With the idea ...Rhc8.} 20. Qxc3 bxc3 21. Nc2 Rhc8 {[%mdl 1024] Black has compensation.} 22. Bf3 (22. Nb4 $1 $11 {keeps the balance.}) 22... Ra2 ({Better is} 22... Ra4 $17 {aiming for ...Nc4.} 23. Rc1 Nc4) 23. Nb4 $2 (23. Rc1 $1 $11 {and White stays safe.}) 23... Rb2 $19 24. Nc6+ Kf8 $1 25. Rc1 c2 {White must now prevent ...Rb1.} 26. Kg2 Nc4 $1 27. Nc5 Na3 (27... Nd2 $1 $19 {[%cal Rd2f3]} 28. Nd3 Nb3 $1 {[%mdl 512]}) 28. Nd3 $17 Rb1 29. Ncb4 $2 {[#]} ({White should try} 29. e3 $15) 29... Rc4 $1 $19 {[%cal Rc4b4]} 30. Na2 {[#]} e5 $1 31. e4 Rd4 32. Ne1 Rd1 33. Rxc2 (33. Nxc2 Rdxc1 34. Nxc1 Nxc2 35. Nd3) 33... Nxc2 34. Nxc2 Rg1+ 35. Kh3 Rbf1 {Black is clearly winning.} 36. Nc3 Rxf2 {[%mdl 64] Double Attack} 37. Ne2 Rb1 {Weighted Error Value: White=0.63/Black=0.11} 0-1

[Event "FE Carnevale GM Elite 2021"]
[Site "Bassano del Grappa"]
[Date "2021.02.15"]
[Round "6.1"]
[White "Suarez Uriel, Adrian"]
[Black "Blohberger, Felix"]
[Result "1-0"]
[WhiteElo "2360"]
[BlackElo "2477"]
[Annotator "TA"]
[PlyCount "137"]
[EventDate "2021.02.12"]
[EventType "tourn"]
[EventCountry "ITA"]
[SourceTitle "playchess.com"]
[Source "ChessBase"]
[SourceQuality "1"]

{[%evp 10,137,29,30,32,22,17,14,16,19,28,13,12,0,0,0,38,11,25,0,19,0,0,0,0,0,0,0,0,-38,-8,-8,-8,-8,-12,-4,-1,-7,-33,-6,-15,-89,-91,-100,-87,-109,-108,-117,-84,-99,-79,-91,0,0,0,-11,0,0,0,0,0,-15,146,-15,0,-11,134,134,134,134,134,134,175,170,177,172,149,99,108,52,48,22,22,18,18,18,22,22,152,194,183,158,284,0,0,0,19,18,19,0,192,183,173,17,18,17,40,17,36,8,6495,7018,29981,29982,29982,29983,29983,29984,29984,29985,29985,29984,29984,29984,29984,29970,29977,29977,29977,29978]} 1. e4 c6 2. Nc3 d5 3. Nf3 dxe4 4. Nxe4 Nf6 5. Qe2 Nxe4 6. Qxe4 Nd7 {B11: Caro-Kann: Two Knights Variation.} 7. Bc4 Nf6 {[#]} 8. Ne5 $1 {[%csl Ge5][%cal Rc4f7]} e6 {The position is equal.} 9. Qe2 b5 10. Bb3 (10. Nxc6 Qc7 $15) 10... Qc7 11. a4 Bd6 12. d4 a6 {[#]} 13. Bg5 $146 ({Predecessor:} 13. Bf4 O-O 14. Bg3 Bb7 15. O-O c5 16. axb5 axb5 17. Rxa8 Bxa8 18. dxc5 Qxc5 19. Ra1 {0-1 (66) Dobrikov,M (2332)-Pubantz,J (2295) Willingen 2020}) 13... O-O 14. O-O Nd5 15. Bd2 Bb7 16. Rfe1 b4 17. a5 c5 18. dxc5 Bxc5 19. Bc4 (19. Nd3 {seems wilder.} Bd6 20. Qh5 Ne7 21. Qh3 Rad8 22. Bxb4 Bxb4 23. Nxb4 Nf5 24. Nd3) 19... Bd4 (19... Rfd8 {is more complex.} 20. Bd3 Rac8 21. Rad1 h6 22. Bc1 Bd6) 20. Bxd5 Bxd5 21. Bxb4 Bxb2 22. Bxf8 Rxf8 23. c4 Bxa1 24. Rxa1 Ba8 25. Rc1 (25. h3 $11) 25... Qxa5 $17 26. c5 Bd5 27. h4 Rc8 28. Qe3 Qa4 29. h5 h6 30. c6 Qa5 (30... Qh4 $17 {Threatening ...a5.} 31. c7 Qe7) 31. Qa7 $11 Qc7 32. Qxa6 Rd8 33. Qa1 f6 34. Ng6 Kf7 (34... Bxc6 $2 35. Rxc6 $1 {[%mdl 512]} Qd7 36. Rc1 $18) 35. Qa4 Rb8 $2 ({Better is} 35... Rc8 $11) 36. Qa3 $2 (36. Nf4 $16) 36... Be4 37. Qe3 Bxg6 (37... Bxc6 $11 38. Qc5 Rc8) 38. hxg6+ $16 Kxg6 39. Qxe6 $11 {[%mdl 4096] Endgame KQR-KQR} Qf4 40. Qe1 Qe5 41. Qd1 Rc8 42. Qg4+ Qg5 43. Qe4+ ({Reject} 43. Qxc8 $6 Qxc1+ 44. Kh2 Qf4+ 45. Kg1 Qc1+ 46. Kh2 Qf4+ 47. Kg1 Qc1+ $11) 43... Qf5 44. Qe7 ({White should play} 44. Qc4 $16) 44... Qe5 $1 $14 {[%cal Re5e7]} 45. Qd7 Rc7 {[%cal Rc7d7]} 46. Qd3+ (46. Rd1 {is interesting.} Kh7 47. Qd3+ f5 48. Rc1 Qe6 49. Qb5) 46... Kf7 $1 47. g3 h5 48. Rd1 Qe6 {[#]} (48... Qe8 $11 {keeps the balance.}) 49. Qd7+ $3 $16 {[%mdl 512]} Qe7 ({But not} 49... Rxd7 $2 50. cxd7 Kg6 51. d8=Q $18) 50. Qf5 $36 {[%cal Rf5h5][%mdl 2048] White is on the roll.} g6 (50... h4 $16) 51. Qb5 $2 ({White has to play} 51. Qd5+ $1 $18 Qe6 52. Qd8) 51... Qe6 $11 52. Rc1 Kg7 53. Qb8 Qd6 54. Qe8 Qe5 $2 {[#]} (54... h4 $11 55. gxh4 Qb4) 55. Qd8 $1 $18 h4 56. Rd1 $2 (56. gxh4 $18 {White wants to play Rb1.} Kf7 57. Qd3) 56... Kh6 $11 57. Qf8+ Rg7 58. gxh4 {Strongly threatening Qb4.} g5 59. h5 {Threatens to win with c7!} g4 $2 {[%mdl 8192] [#] This costs Black the game.} (59... Qf4 $11) 60. c7 $1 $18 {[%cal Rc7c8]} ({Not} 60. Rd7 Qe1+ 61. Kg2 Qe4+ 62. Kh2 Qe5+ 63. Kg1 Qe1+ 64. Kg2 Qe4+ 65. Kh2 Qe5+ 66. Kh1 Qe1+ 67. Kg2 $11) 60... g3 {[#]} 61. Qxg7+ $3 {[%mdl 576] Promotion. White mates.} Kxg7 62. c8=Q gxf2+ 63. Kf1 Qb5+ 64. Kxf2 Qb2+ 65. Kf3 Qb3+ 66. Ke2 Qb5+ 67. Kd2 Qd5+ 68. Kc1 Qg5+ 69. Rd2 {Weighted Error Value: White=0.25/Black=0.42} 1-0

[Event "FE Carnevale GM Elite 2021"]
[Site "Bassano del Grappa"]
[Date "2021.02.15"]
[Round "6.2"]
[White "Dardha, Daniel"]
[Black "Basso, Pier Luigi"]
[Result "1-0"]
[WhiteElo "2503"]
[BlackElo "2553"]
[Annotator "TA"]
[PlyCount "115"]
[EventDate "2021.02.12"]
[EventType "tourn"]
[EventCountry "ITA"]
[SourceTitle "playchess.com"]
[Source "ChessBase"]
[SourceQuality "1"]

{[%evp 13,115,0,-2,-8,-8,-13,-11,-5,-9,-10,-7,-23,-14,-44,-37,-43,6,7,4,-12,85,92,142,133,132,129,135,128,140,138,159,172,176,151,147,87,72,0,179,136,166,183,170,150,150,172,141,160,281,194,179,154,156,152,154,162,162,158,148,155,143,150,137,132,127,129,137,131,138,141,131,136,138,133,158,145,179,168,144,159,203,205,203,140,134,153,156,143,241,233,311,319,352,335,702,633,961,906,883,806,4088,2536,1185,1058]} 1. c4 c6 2. e4 d5 3. exd5 cxd5 4. cxd5 Nf6 5. Qa4+ Nbd7 6. Nc3 g6 7. Nf3 {7.Bc4 is more fashionable.} Bg7 8. Bc4 {B10: Caro-Kann: 2 d3 and 2 c4.} O-O 9. d3 a6 10. Qa3 {The position is equal.} b6 11. O-O Bb7 12. Re1 Re8 13. Ng5 b5 {[%mdl 1024] Black has compensation.} 14. Bb3 Nb6 {[%cal Rf6d5]} 15. d6 $1 e6 16. Nge4 Nfd5 (16... Nbd7 $11 {remains equal.}) 17. Bg5 $36 {[%mdl 2048] White is on the roll.} f6 {aiming for ...b4.} 18. Nxd5 Bxd5 19. Be3 Bxb3 20. Qxb3 {Hoping for Bxb6.} (20. axb3 f5 $14) 20... Nd5 21. Bc5 $1 {[#]} f5 $146 ({Predecessor:} 21... Qd7 22. d4 Kf7 23. a4 b4 24. Nd2 Bf8 25. Nc4 a5 26. Re2 Ra6 27. Rae1 Kg7 {1-0 (51) Berkes,F (2644)-Fodor,T (2505) London 2016}) 22. Nc3 Nf4 23. d4 {Black must now prevent g3.} Qd7 24. Ne2 (24. g3 $142 Nh3+ 25. Kg2) 24... Nd5 25. Nc3 (25. a4 $16) 25... Nf4 $18 26. Re3 Bf8 27. g3 Nh3+ 28. Kg2 Ng5 {[%cal Bh3g5,Bg5f7,Bf7d6,Bd6b5,Bb5c3][%mdl 32]} 29. h4 Nf7 30. Rae1 {[%cal Re3e6]} b4 (30... Nxd6 $16 31. Bxd6 (31. Rxe6 Nc4 $16) 31... Bxd6) 31. Qxb4 ({Not} 31. Bxb4 Rab8 $16) 31... Nxd6 32. d5 {[%cal Re3e6]} Rab8 33. Qf4 {[%cal Re3e6]} Nb5 34. Bxf8 Nxc3 35. dxe6 ({Don't play} 35. Rxc3 Qxd5+ 36. Kg1 Rxf8 $16) 35... Qb7+ {[#]} 36. Qf3 $1 Qxf3+ 37. Rxf3 Ne4 38. Ba3 {And now e7 would win.} Rxe6 39. Rd3 Rc6 {intending ...Rc2.} 40. Re2 Rbc8 41. f3 Rc2 {[#]} 42. Rde3 Nf6 43. Kf2 Nd5 44. Rd3 Nb6 45. Bb4 Rxe2+ 46. Kxe2 {[%mdl 4096] Endgame KRB-KRN} Nc4 47. Bc3 Re8+ 48. Kd1 Ne3+ 49. Kc1 f4 50. gxf4 Ng2 (50... Re6 $16 51. Be1 Ng2) 51. Rd6 Nxh4 52. Rxa6 Nxf3 53. a4 {[%cal Ba2a4,Ba4a5,Ba5a6][%mdl 32]} Re4 $2 (53... Rc8 54. a5 Nd4) 54. a5 {White is clearly winning.} Rxf4 55. Ra8+ Kf7 56. a6 Ra4 57. b3 Ra2 58. Kb1 {Weighted Error Value: White=0.12/Black=0.20} 1-0

[Event "FE Carnevale GM Elite 2021"]
[Site "Bassano del Grappa"]
[Date "2021.02.15"]
[Round "6.3"]
[White "Martin Duque, Jesus"]
[Black "Bernadskiy, Vitaliy"]
[Result "1/2-1/2"]
[WhiteElo "2438"]
[BlackElo "2600"]
[Annotator "TA"]
[PlyCount "69"]
[EventDate "2021.02.12"]
[EventType "tourn"]
[EventCountry "ITA"]
[SourceTitle "playchess.com"]
[Source "ChessBase"]
[SourceQuality "1"]

{[%evp 9,69,10,10,-29,17,10,20,16,14,8,25,12,16,0,0,0,0,2,107,108,110,94,121,72,56,58,76,62,88,72,97,56,85,46,67,69,128,4,15,0,19,0,0,0,0,-33,-30,-47,0,-28,0,0,0,-68,-60,-39,0,-31,0,-42,0,-50]} 1. e4 c5 2. Nf3 d6 3. Bb5+ Nd7 4. Ba4 Ngf6 5. O-O e6 6. c4 {B51: Sicilian: Moscow Variation (3 Bb5+) without 3...Bd7.} Be7 7. Nc3 O-O 8. d4 cxd4 $1 9. Nxd4 a6 10. Qe2 Qc7 11. Bb3 b6 12. f4 Bb7 {[#]} 13. g4 $146 ({Predecessor:} 13. Bc2 Rfe8 14. b3 b5 15. Bd3 bxc4 16. bxc4 Rac8 17. Bd2 Nb6 18. e5 Nfd7 19. f5 {1-0 (42) Edouard,R (2645)-Sebag,M (2438) Europe Echecs INT 2020}) 13... d5 (13... Nc5 $11 {keeps the balance.}) 14. cxd5 $16 Bc5 15. Be3 e5 16. fxe5 Nxe5 {[#]} 17. Rxf6 $1 gxf6 18. h3 Ng6 19. Qf2 Qe5 20. Kh1 Rfe8 21. Nf5 Bxe3 22. Qxe3 {Qh6 is the strong threat.} Bc8 {[#]} (22... Qf4 $14) 23. Rf1 ({Much worse is} 23. Qxb6 $6 Bxf5 24. gxf5 Nf4 $11) (23. d6 $1 $16) 23... Bxf5 $11 24. gxf5 {Hoping for d6.} Ne7 $1 25. Qh6 Kh8 $1 26. d6 $1 {[%cal Rd6e7]} ({Reject} 26. Rg1 Rg8 $17) 26... Ng8 27. Qh5 {And now d7 would win.} (27. Qh4 $5 {[%cal Rd6d7]} Qxd6 28. Rd1 $11) 27... Qxd6 28. Rg1 Ra7 {[%cal Ba8a7,Ba7e7,Be7c7][%mdl 32]} 29. Qg4 {[%csl Gg1][%cal Rg4g7]} Qf8 30. Qh4 Rae7 31. Bd5 (31. a4 $11) 31... Rc7 32. Bb3 Rce7 33. Bd5 Rc7 34. Bb3 Rce7 35. Bd5 {Weighted Error Value: White=0.23/Black=0.17} 1/2-1/2